Personal And Organizational Effectiveness (Record no. 483677)

MARC details
000 -LEADER
fixed length control field 00787nam a2200229Ia 4500
008 - FIXED-LENGTH DATA ELEMENTS--GENERAL INFORMATION
fixed length control field 100315s9999 xx 000 0 und d
020 ## - INTERNATIONAL STANDARD BOOK NUMBER
International Standard Book Number 07-094237-4 
040 ## - CATALOGING SOURCE
Transcribing agency ENGLISH 
082 ## - DEWEY DECIMAL CLASSIFICATION NUMBER
Item number 8942 
Classification number 658.407124 
100 ## - MAIN ENTRY--PERSONAL NAME
Personal name "Hacon, Richard "
245 ## - TITLE STATEMENT
Title Personal And Organizational Effectiveness
260 ## - PUBLICATION, DISTRIBUTION, ETC. (IMPRINT)
Name of publisher, distributor, etc MCGRAW-HILL  
Date of publication, distribution, etc 1972 
300 ## - PHYSICAL DESCRIPTION
Extent "VII,303  "
365 ## - TRADE PRICE
Price note Rupees 
Unit of pricing
Price amount 0.00 
366 ## - TRADE AVAILABILITY INFORMATION
Publishers' discount category
505 ## - FORMATTED CONTENTS NOTE
Miscellaneous information Jaya Nikhade 
530 ## - ADDITIONAL PHYSICAL FORM AVAILABLE NOTE
Availability source Donated By RBI Library  
620 ## -
-- "Organizational Effectiveness, Systematic task performance, focus on Applications in Organizations, Learning and Motivation, RBI Library "
630 ## - SUBJECT ADDED ENTRY--UNIFORM TITLE
Uniform title Personal And Organizational Effectiveness
730 ## - ADDED ENTRY--UNIFORM TITLE
Uniform title Personal And Organizational Effectiveness
942 ## - ADDED ENTRY ELEMENTS (KOHA)
Koha item type Book
Holdings
Withdrawn status Lost status Damaged status Not for loan Home library Current library Date acquired Cost, normal purchase price Total Checkouts Full call number Barcode Date last seen Price effective from Koha item type
        Dr. V. N. Bedekar Institute of Management Studies Library Dr. V. N. Bedekar Institute of Management Studies Library 06/15/2009 0.00   658.407124 /HAC  8942  VPMBRIMS-8942  03/19/2010 03/19/2010 Book